000 00628nam a2200193Ii 4500
003 JO-AjNU
008 230605s9999||||xx |||||||||||||| ||und||
040 _aJO-AjNU
_bara
_erda
_cJO-AjNU
041 _aara
050 1 4 _aHB180.A7.I75.1982
100 3 _aهاشم، اسماعيل محمد,
_eauthor
_948862
245 0 0 _aالاقتصاد التحليلي
264 3 1 _aالاسكندرية:دار الجامعات المصرية،1982
300 _a647ص
336 _atext
_btxt
_2rdacontent
337 _aunmediated
_bn
_2rdamedia
338 _avolume
_bnc
_2rdacarrier
650 4 _aالاقتصاد التحليلي
_948863
999 _aA21426
_c24994
_d24994